000 00278nam a2200109Ia 4500
008 200302s9999 xx 000 0 und d
100 _aB.S. Patil
245 _aCivil engineering contracts and estimates 4th ed
260 _bUniversities Press
260 _c2015
300 _a498 P.,
999 _c4079
_d4079